Singapore Changi Airport (SIN) Destinations - Statistics

General Stats
  • This quiz has been taken 233 times
    223 since last reset
  • The average score is 83 of 164
Answer Stats
Airline(s) Destinations % Correct
Air China, Singapore Airlines Beijing-Capital
93%
Air France, Singapore Airlines Paris-Charles De Gaulle
93%
Norwegian Air Shuttle UK London-Gatwick
92%
British Airways, Qantas, Singapore Airlines London-Heathrow
92%
Batik Air, Garuda Indonesia, AirAsia, Jetstar Asia Airways, Lion Air, Scoot, Singapore Airlines Jakarta-Soekarno-Hatta
91%
All Nippon Airways, Japan Airlines, Singapore Airlines Tokyo-Haneda
91%
All Nippon Airways, Delta Air Lines, Japan Airlines, Scoot, Singapore Airlines Tokyo-Narita
91%
Air India, Jet Airways, Singapore Airlines New Delhi
89%
British Airways, Qantas, Scoot, Singapore Airlines Sydney
89%
AirAsia, Thai Lion Air, Scoot Bangkok-Don Mueang
88%
Bangkok Airways, Cathay Pacific, Jetstar Asia Airways, Thai Airways, Scoot, Singapore Airlines, Air Mauritius Bangkok-Suvarnabhumi
88%
Air Mauritius, AirAsia, Ethiopian Airlines, Jetstar Asia Airways, Malaysia Airlines, Malindo Air, Uzbekistan Airways, Scoot, SilkAir, Singapore Airlines Kuala Lumpur-International
87%
Firefly Kuala Lumpur-Subang
87%
China Airlines, EVA Air, Jetstar Asia Airways, Scoot, Singapore Airlines Taipei-Taoyuan
87%
Air India, Jet Airways, Singapore Airlines Mumbai
86%
Jetstar Airways, Qantas, Scoot, Singapore Airlines Perth
86%
Asiana Airlines, Korean Air, Scoot, Singapore Airlines Seoul-Incheon
86%
Emirates, Singapore Airlines Dubai-International
85%
Emirates, Jetstar Airways, Qantas, Scoot, Singapore Airlines Melbourne
85%
Jetstar Asia Airways, Jetstar Pacific Airlines, Vietnam Airlines, VietJet Air, Scoot, Singapore Airlines Ho Chi Minh City
83%
Cebu Pacific, Jetstar Asia Airways, Philippine Airlines, Scoot, Singapore Airlines Manila
83%
China Eastern Airlines, Spring Airlines, Singapore Airlines Shanghai-Pudong
83%
Etihad Airways Abu Dhabi
82%
Singapore Airlines, United Airlines Los Angeles
82%
Air New Zealand, Singapore Airlines Auckland
81%
Vietnam Airlines, VietJet Air, Scoot, SilkAir, Singapore Airlines Hanoi
81%
Finnair Helsinki
80%
Cathay Pacific, Jetstar Asia Airways, Scoot, Singapore Airlines Hong Kong
80%
Lufthansa, Singapore Airlines Munich
80%
KLM, Singapore Airlines, Garuda Indonesia Amsterdam
79%
Qatar Airways Doha
79%
Singapore Airlines New York-JFK
79%
Lufthansa, Singapore Airlines Frankfurt
78%
Emirates, Qantas, Singapore Airlines Brisbane
76%
Turkish Airlines, Singapore Airlines Istanbul-Atatürk
75%
Singapore Airlines Moscow-Domodedovo
75%
Jetstar Asia Airways, Scoot, Singapore Airlines Osaka-Kansai
75%
Biman Bangladesh Airlines, Regent Airways, US-Bangla Airlines, Scoot, Singapore Airlines Dhaka
74%
United Airlines, Singapore Airlines San Francisco
74%
Singapore Airlines Adelaide
72%
China Southern Airlines, Scoot, Singapore Airlines Guangzhou
72%
Air India, Air India Express, IndiGo, Scoot, SilkAir, Singapore Airlines Chennai
71%
Cebu Pacific, AirAsia, Scoot, SilkAir Cebu
70%
Air China, Sichuan Airlines, SilkAir Chengdu
70%
Garuda Indonesia, AirAsia, Jetstar Airways, Jetstar Asia Airways, KLM, Scoot, SilkAir, Singapore Airlines Denpasar
70%
SilkAir, Singapore Airlines Kolkata
70%
China Southern Airlines, Shenzhen Airlines, Scoot, SilkAir Shenzhen
70%
Xiamen Air, SilkAir Xiamen
70%
Swiss International Air Lines, Singapore Airlines Zurich
70%
Singapore Airlines Rome-Fiumicino
69%
Jetstar Asia Airways, Myanmar Airways International, Myanmar National Airlines, SilkAir, Singapore Airlines Yangon
69%
SriLankan Airlines, SilkAir, Singapore Airlines, Emirates Colombo
67%
SilkAir Wuhan
67%
Jetstar Asia Airways, AirAsia, Scoot, SilkAir Phuket
66%
China Airlines, Garuda Indonesia, Jetstar Asia Airways, Scoot, SilkAir, Singapore Airlines Surabaya
66%
Xiamen Air, Scoot Xi'an
66%
Saudia, Scoot Jeddah
65%
LOT Polish Airlines Warsaw-Chopin
65%
Ethiopian Airlines Addis Ababa
64%
Royal Brunei Airlines, Singapore Airlines Bandar Seri Begawan
64%
Singapore Airlines Christchurch
64%
Singapore Airlines Milan-Malpensa
64%
Singapore Airlines Wellington
64%
IndiGo, Jet Airways, Scoot, SilkAir, Singapore Airlines Bangalore
62%
Singapore Airlines Nagoya-Centrair
62%
Scoot Berlin-Tegel
61%
West Air, SilkAir Chongqing
61%
Jetstar Asia Airways, SilkAir Darwin
60%
Air Niugini Port Moresby
60%
Singapore Airlines Canberra
59%
Singapore Airlines Stockholm-Arlanda
59%
Scoot Tianjin
59%
Air Mauritius Mauritius
57%
Scoot, Singapore Airlines Sapporo-Chitose
57%
Singapore Airlines Copenhagen
56%
Fiji Airways Nadi
56%
Singapore Airlines Barcelona
54%
Scoot, SilkAir Hyderabad
54%
Singapore Airlines Johannesburg-O.R. Tambo
54%
Scoot, SilkAir, Singapore Airlines Malé
54%
Jetstar Asia Airways, SilkAir Phnom Penh
54%
Jetstar Asia Airways, SilkAir Da Nang
51%
Singapore Airlines Fukuoka
51%
Garuda Indonesia, AirAsia, Jetstar Asia Airways, SilkAir Medan
51%
AirAsia, Jetstar Asia Airways, Scoot, SilkAir Penang
51%
Singapore Airlines Ahmedabad
49%
Scoot, SilkAir Chiang Mai
49%
Scoot Gold Coast
49%
China Eastern Airlines, Hebei Airlines, Sichuan Airlines, Scoot Hangzhou
49%
Singapore Airlines Manchester
49%
Uzbekistan Airways Tashkent
49%
Scoot Nanjing
48%
Scoot Qingdao
48%
Scoot Athens
47%
China Eastern Airlines, SilkAir Kunming
47%
Singapore Airlines Cape Town
46%
Cebu Pacific, SilkAir Davao
46%
SilkAir Kathmandu
46%
Scoot Shenyang
46%
Jetstar Asia Airways Okinawa
45%
Scoot Harbin
44%
Scoot Macau
44%
Singapore Airlines Houston-Intercontinental
43%
SilkAir Cairns
42%
Xiamen Air, Scoot Dalian
42%
Myanmar National Airlines, SilkAir Mandalay
42%
SilkAir Vientiane
42%
China Eastern Airlines, Xiamen Air, SilkAir Fuzhou
41%
Sichuan Airlines, Scoot Nanning
41%
China Airlines, Scoot Kaohsiung
40%
SilkAir Changsha
38%
Scoot Zhengzhou
38%
AirAsia, SilkAir Bandung
37%
SilkAir Dili
37%
West Air Urumqi
37%
SilkAir Hiroshima
36%
AirAsia, Malindo Air, SilkAir Kota Kinabalu
36%
Scoot Honolulu
35%
Druk Air Paro
33%
Cebu Pacific, Jetstar Asia Airways, Scoot Clark
30%
Jetstar Asia Airways, Scoot Haikou
30%
Jetstar Asia Airways, SilkAir Siem Reap
30%
Singapore Airlines Düsseldorf
29%
AirAsia, Scoot Krabi
28%
Air India Express, Scoot, SilkAir Kochi
27%
AirAsia, Malaysia Airlines, Scoot Kuching
26%
Scoot Lucknow
25%
Scoot Wuxi
25%
Firefly, Scoot Ipoh
24%
Scoot Jinan
23%
Bangkok Airways, SilkAir Koh Samui
22%
Scoot Ningbo
22%
SilkAir Makassar
21%
AirAsia, SilkAir Yogyakarta
21%
Scoot Amritsar
20%
AirAsia, Scoot Langkawi
20%
SilkAir Luang Prabang
17%
Jetstar Asia Airways Shantou
16%
Jetstar Asia Airways Sanya
14%
Hebei Airlines Shijiazhuang
14%
SilkAir Thiruvananthapuram
14%
Air India Express Madurai
13%
Jetstar Asia Airways Guiyang
12%
Scoot Nanchang
12%
SilkAir Lombok
11%
AirAsia, Malaysia Airlines Miri
11%
Jetstar Asia Airways, Scoot Palembang
11%
Cebu Pacific Iloilo
10%
Scoot Kalibo
10%
SilkAir Guilin
9%
Druk Air Guwahati
9%
AirAsia, SilkAir Semarang
9%
China Eastern Airlines Yantai
9%
Air China Yinchuan
9%
Air India Express, SilkAir Coimbatore
8%
SilkAir Balikpapan
7%
China Eastern Airlines, Scoot Quanzhou
7%
AirAsia Bintulu
5%
Jetstar Asia Airways, Scoot Hat Yai
5%
SilkAir Manado
5%
Jetstar Asia Airways, Scoot Pekanbaru
4%
Air India Express, Scoot Tiruchirappalli
4%
SilkAir Visakhapatnam
4%
Firefly, Scoot Kuantan
3%
No matching quizzes found
Score Distribution
Percent of People with Each Score
Percentile by Number Answered
Your Score History
You have not taken this quiz since the last reset